|
|
|
|
| LEADER |
01472nam a2200397Ia 4500 |
| 001 |
EBC937318 |
| 003 |
MiAaPQ |
| 005 |
20200520144314.0 |
| 006 |
m o d | |
| 007 |
cr cn||||||||| |
| 008 |
960125s1996 gw a sb 001 0 eng d |
| 010 |
|
|
|z 96000286
|
| 020 |
|
|
|z 3110148684 (pb. : acid-free paper)
|
| 020 |
|
|
|z 3110148692 (cloth : acid-free paper)
|
| 020 |
|
|
|z 9783110148695
|
| 020 |
|
|
|z 9783110879735
|
| 035 |
|
|
|a (MiAaPQ)EBC937318
|
| 035 |
|
|
|a (Au-PeEL)EBL937318
|
| 035 |
|
|
|a (CaPaEBR)ebr10598102
|
| 035 |
|
|
|a (OCoLC)843635560
|
| 040 |
|
|
|a MiAaPQ
|c MiAaPQ
|d MiAaPQ
|
| 050 |
|
4 |
|a HD58.8
|b .T725 1996
|
| 082 |
0 |
4 |
|a 658.4/06
|2 20
|
| 245 |
0 |
0 |
|a Translating organizational change
|h [electronic resource] /
|c edited by Barbara Czarniawska and Guje Sevon.
|
| 260 |
|
|
|a Berlin ;
|a New York :
|b Walter de Gruyter,
|c 1996.
|
| 300 |
|
|
|a xii, 284 p. :
|b ill.
|
| 490 |
0 |
|
|a De Gruyter studies in organization ;
|v 56
|
| 504 |
|
|
|a Includes bibliographical references (p. [253]-272) and index.
|
| 533 |
|
|
|a Electronic reproduction. Ann Arbor, MI : ProQuest, 2015. Available via World Wide Web. Access may be limited to ProQuest affiliated libraries.
|
| 650 |
|
0 |
|a Organizational change.
|
| 650 |
|
0 |
|a Management.
|
| 655 |
|
4 |
|a Electronic books.
|
| 700 |
1 |
|
|a Czarniawska-Joerges, Barbara.
|
| 700 |
1 |
|
|a Sevon, Guje.
|
| 710 |
2 |
|
|a ProQuest (Firm)
|
| 856 |
4 |
0 |
|u https://ebookcentral.proquest.com/lib/matrademy/detail.action?docID=937318
|z Click to View
|